000 01028nam a22003251 4500
001 01107648
003 DO-SdBNP
005 20240614103005.0
007 01107648
008 920725s2007 cl spa
017 _a
_b
020 _a9780847704538
035 _a
040 _aBPMSU
_bspa
_cBPMSU
082 4 _aPR863.5
_bV393g 2007
_222
100 1 _aVázquez Robles, Lilian
245 1 3 _aLa granja de Angelito = Angelito's farm /
_c Lillian Vázquez Robles ; ilustraciones, Iván Camilli Rivera ; traducción al inglés, Marshall Morris.
_b
_h
260 _aColombia :
_bUniversidad de Puerto Rico,
_c2007
300 _a21 p. :
_bil,. ;
_c21 cm
490 0 _aSerie Dos Lenguas
500 _a
590 _aInventariado, 2025/VM
650 4 _aCuentos infantiles puertorriqueños
_v
_2
650 4 _aLibros ilustrados infantiles
700 1 _aCamilli Rivera Iván
_eilustración
710 2 _aUniversidad de Puerto Rico
900 _6
910 _aVMateo V. Control de calidad. BPMSU
942 _2ddc
_cBK
999 _c14669
_d14669